00671nam a22001937a 4500999001900000005001700019010001500036020002700051035001400078037001300092082000800105100002900113245006800142260004400210270005000254300002100304942002200325952013000347 c193885d19388520221121111409.0 aENG-135734 c200.00a81-85-195-69-2 aEN-119266 bDBAD/PUB a200 aChattopadhyaya, Rajgopal aWorld's Parliament of religions, 1893/cRajgopal Chattopadhyaya aCalcuttabRajgopal Chattopadhyayac1995 aBF-308, Salt Lake, Sector-1bCalcuttae700064 a111p.c21cm(hbk) 2ddccENmCHAh200 001040708NFICaAVbAVd2022-11-21eDBAD/PUBg200.00l0o200 CHApEN-119266r2022-11-21 00:00:00t1v200.00w2022-11-21yEN